[Event "Niedersachsen-ch"]
[Site "Verden an der Aller"]
[Date "2024.01.04"]
[Round "2"]
[White "Sauer, Tim"]
[Black "Aden, Tammo"]
[Result "1/2-1/2"]
[WhiteElo "2126"]
[BlackElo "2025"]
[PlyCount "52"]
[EventDate "2024.01.04"]
[EventType "swiss"]
[EventRounds "7"]
[EventCountry "GER"]
[SourceTitle "CB02_2024"]
[SourceDate "2024.01.10"]
[SourceVersion "1"]
[SourceVersionDate "2024.01.10"]
[SourceQuality "1"]

1. d4 d5 2. Nf3 Nf6 3. c4 e6 4. g3 Be7 5. Bg2 0-0 6. 0-0 dxc4 7. Qa4 Bd7 8. Qxc4 Bc6 9. Bg5 Nbd7 10. Nbd2 Rc8 11. Rfe1 Ne4 12. Bxe7 Qxe7 13. Qc2 Nxd2 14. Qxd2 Be4 15. b4 Rfd8 16. Qb2 Qf6 17. Rac1 c5 18. bxc5 Nxc5 19. Ne5 Bxg2 20. Kxg2 Ne4 21. f3 Nd6 22. Qb4 Qe7 23. e3 Nf5 24. Qxe7 Nxe7 25. Kf2 Nd5 26. a3 Kf8 1/2-1/2

[Event "Bad Pyrmont Pape op-A 2nd"]
[Site "Bad Pyrmont"]
[Date "2023.08.13"]
[Round "7"]
[White "Aden, Tammo"]
[Black "Brueckmann, Gerd"]
[Result "1/2-1/2"]
[WhiteElo "2014"]
[BlackElo "1936"]
[PlyCount "52"]
[EventDate "2023.08.10"]
[EventType "swiss"]
[EventRounds "7"]
[EventCountry "GER"]
[SourceTitle "EXT 2024"]
[Source "ChessBase"]
[SourceDate "2023.10.10"]
[SourceVersion "1"]
[SourceVersionDate "2023.10.10"]
[SourceQuality "1"]

1. d4 d5 2. Nf3 Nf6 3. c4 c6 4. g3 Bg4 5. Bg2 Nbd7 6. 0-0 e6 7. Qb3 Qb6 8. c5 Qxb3 9. axb3 Bxf3 10. Bxf3 e5 11. e3 e4 12. Be2 a6 13. b4 Rb8 14. Nd2 g6 15. Nb3 Bg7 16. Bd2 0-0 17. Na5 Rfe8 18. Ra3 Re6 19. Rfa1 Ne8 20. Nxb7 Rxb7 21. Rxa6 Nb8 22. Ra8 Ree7 23. R1a5 Nc7 24. R8a7 Nb5 25. Ra8 Nc7 26. R8a7 Nb5 1/2-1/2

[Event "Bad Pyrmont Pape op-A 2nd"]
[Site "Bad Pyrmont"]
[Date "2023.08.12"]
[Round "4"]
[White "Moerke, Niklas"]
[Black "Aden, Tammo"]
[Result "0-1"]
[WhiteElo "1758"]
[BlackElo "2014"]
[PlyCount "62"]
[EventDate "2023.08.10"]
[EventType "swiss"]
[EventRounds "7"]
[EventCountry "GER"]
[SourceTitle "EXT 2024"]
[Source "ChessBase"]
[SourceDate "2023.10.10"]
[SourceVersion "1"]
[SourceVersionDate "2023.10.10"]
[SourceQuality "1"]

1. d4 d5 2. c4 e6 3. Nc3 Nf6 4. cxd5 exd5 5. Bg5 Be7 6. e3 0-0 7. Bd3 c6 8. Nf3 Nbd7 9. 0-0 Re8 10. Qc2 Nf8 11. Rfe1 Ng6 12. Rad1 Bg4 13. Bf5 Bxf5 14. Qxf5 Ne4 15. Bf4 Nxf4 16. exf4 g6 17. Qh3 Bb4 18. Ne5 Bxc3 19. bxc3 Qf6 20. Qe3 Qg7 21. Qd3 Nd6 22. Ng4 Nc4 23. Ne3 Nb2 24. Qd2 Nxd1 25. Qxd1 Re4 26. g3 Rae8 27. Qd3 f5 28. f3 R4e6 29. Kf2 Qe7 30. c4 Qb4 31. Kf1 Qxe1+ 0-1

[Event "Groningen Combinatie op"]
[Site "Groningen"]
[Date "2023.05.21"]
[Round "6"]
[White "Aden, Tammo"]
[Black "Keuning, Selwin"]
[Result "1/2-1/2"]
[WhiteElo "1998"]
[BlackElo "2148"]
[PlyCount "54"]
[EventDate "2023.05.18"]
[EventType "swiss"]
[EventRounds "7"]
[EventCountry "NED"]
[SourceTitle "CBM 214 Extra"]
[Source "ChessBase"]
[SourceDate "2023.07.31"]
[SourceVersion "1"]
[SourceVersionDate "2023.07.31"]
[SourceQuality "1"]

1. d4 d5 2. Nf3 Nf6 3. c4 c6 4. g3 Bf5 5. Bg2 e6 6. Qb3 Qb6 7. c5 Qc7 8. Bf4 Qc8 9. 0-0 h6 10. Nc3 Nbd7 11. Rac1 Be7 12. Ne5 0-0 13. Rfe1 Rd8 14. Qa4 Bh7 15. b4 Nxe5 16. Bxe5 Nd7 17. Bf4 b5 18. Qb3 Bf6 19. Rcd1 a5 20. a3 axb4 21. axb4 Qa6 22. e4 Qa3 23. Qxa3 Rxa3 24. exd5 exd5 25. Nxd5 cxd5 26. c6 g5 27. Bc7 Rc8 1/2-1/2

[Event "Groningen Combinatie op"]
[Site "Groningen"]
[Date "2023.05.20"]
[Round "5"]
[White "Karsdorp, Nico"]
[Black "Aden, Tammo"]
[Result "0-1"]
[WhiteElo "1746"]
[BlackElo "1998"]
[PlyCount "46"]
[EventDate "2023.05.18"]
[EventType "swiss"]
[EventRounds "7"]
[EventCountry "NED"]
[SourceTitle "CBM 214 Extra"]
[Source "ChessBase"]
[SourceDate "2023.07.31"]
[SourceVersion "1"]
[SourceVersionDate "2023.07.31"]
[SourceQuality "1"]

1. c4 e6 2. Nc3 Nf6 3. e4 d5 4. e5 Nfd7 5. f4 dxc4 6. Bxc4 Nxe5 7. fxe5 Qh4+ 8. g3 Qxc4 9. d3 Qc6 10. Nf3 Bc5 11. Ne4 Nd7 12. Bd2 Qd5 13. Bc3 b6 14. b4 Be7 15. a4 Bb7 16. 0-0 c5 17. Nd6+ Bxd6 18. exd6 0-0 19. d4 cxb4 20. Bxb4 Rac8 21. Qd2 Rc4 22. a5 Rfc8 23. Rf2 Nf6 0-1

[Event "Groningen Combinatie op"]
[Site "Groningen"]
[Date "2023.05.19"]
[Round "3"]
[White "Jovanovic, Luka L"]
[Black "Aden, Tammo"]
[Result "0-1"]
[WhiteElo "1384"]
[BlackElo "1998"]
[PlyCount "40"]
[EventDate "2023.05.18"]
[EventType "swiss"]
[EventRounds "7"]
[EventCountry "NED"]
[SourceTitle "CBM 214 Extra"]
[Source "ChessBase"]
[SourceDate "2023.07.31"]
[SourceVersion "1"]
[SourceVersionDate "2023.07.31"]
[SourceQuality "1"]

1. d4 d5 2. c4 e6 3. Nf3 Nf6 4. g3 Be7 5. Bg2 0-0 6. 0-0 dxc4 7. Ne5 Nc6 8. Nxc6 bxc6 9. e3 Ba6 10. Bxc6 Rb8 11. Qa4 Rb6 12. Rd1 Nd5 13. e4 Nb4 14. d5 Bc5 15. dxe6 Qf6 16. exf7+ Kh8 17. e5 Qxf2+ 18. Kh1 Nxc6 19. Nd2 Nxe5 20. Qe8 Bb7+ 0-1

[Event "Verden op-A"]
[Site "Verden"]
[Date "2023.01.08"]
[Round "7"]
[White "Heinemann, Ernst"]
[Black "Aden, Tammo"]
[Result "1/2-1/2"]
[WhiteElo "2097"]
[BlackElo "1995"]
[PlyCount "97"]
[EventDate "2023.01.05"]
[EventType "swiss"]
[EventRounds "7"]
[EventCountry "GER"]
[SourceTitle "CBM 212 Extra"]
[Source "ChessBase"]
[SourceDate "2023.03.31"]
[SourceVersion "1"]
[SourceVersionDate "2023.03.31"]
[SourceQuality "1"]

1. e4 c6 2. c4 d5 3. cxd5 cxd5 4. exd5 Nf6 5. Qa4+ Bd7 6. Qb3 Qc7 7. Nc3 a6 8. a4 e6 9. Bc4 exd5 10. Nxd5 Nxd5 11. Bxd5 Bc6 12. Nf3 Bd6 13. 0-0 0-0 14. d4 Rd8 15. Bxc6 Nxc6 16. Be3 Ne7 17. Rac1 Qd7 18. Bg5 Re8 19. Rfd1 Ng6 20. h3 h6 21. Be3 Re7 22. Ne5 Bxe5 23. dxe5 Qf5 24. Rc5 Rae8 25. Qc3 Rxe5 26. Rxe5 Rxe5 27. Rd8+ Kh7 28. Qd2 Re7 29. b4 Ne5 30. Bc5 Rd7 31. Rxd7 Nxd7 32. Bd6 Nf6 33. Qe3 Qd5 34. Qe5 Qxe5 35. Bxe5 Kg6 36. g4 Nd5 37. b5 axb5 38. axb5 f6 39. Bd6 Kf7 40. Kg2 g6 41. Kf3 Ke6 42. Bf8 h5 43. gxh5 gxh5 44. Kg3 Kf5 45. Kh4 Kg6 46. Bc5 f5 47. b6 Nc3 48. f4 Ne4 49. Bd4 1/2-1/2

[Event "Verden op-A"]
[Site "Verden"]
[Date "2023.01.05"]
[Round "2"]
[White "Aden, Tammo"]
[Black "Uhlendorff, Luca"]
[Result "1/2-1/2"]
[WhiteElo "1995"]
[BlackElo "1792"]
[PlyCount "56"]
[EventDate "2023.01.05"]
[EventType "swiss"]
[EventRounds "7"]
[EventCountry "GER"]
[SourceTitle "CBM 212 Extra"]
[Source "ChessBase"]
[SourceDate "2023.03.31"]
[SourceVersion "1"]
[SourceVersionDate "2023.03.31"]
[SourceQuality "1"]

1. d4 d5 2. Nf3 Nf6 3. c4 e6 4. g3 Bb4+ 5. Bd2 Be7 6. Bg2 0-0 7. 0-0 b6 8. Nc3 Bb7 9. Bg5 Nbd7 10. cxd5 Nxd5 11. Bxe7 Qxe7 12. Qc2 Nxc3 13. bxc3 Nf6 14. Nd2 Bxg2 15. Kxg2 c5 16. e4 cxd4 17. cxd4 Rac8 18. Qd3 Qc7 19. Rac1 Qxc1 20. Rxc1 Rxc1 21. e5 Nd5 22. Ne4 Rfc8 23. Ng5 g6 24. Qf3 R8c7 25. Ne4 Kg7 26. Nd6 Re7 27. Ne4 Rec7 28. Nd6 Re7 1/2-1/2

[Event "Groninger Combinatie op"]
[Site "Groningen"]
[Date "2022.05.26"]
[Round "1"]
[White "Maatman, Nick"]
[Black "Aden, Tammo"]
[Result "1-0"]
[WhiteElo "2363"]
[BlackElo "2030"]
[PlyCount "65"]
[EventDate "2022.05.26"]
[EventType "swiss"]
[EventRounds "7"]
[EventCountry "NED"]
[SourceTitle "CBM 208 Extra"]
[Source "ChessBase"]
[SourceDate "2022.07.31"]
[SourceVersion "1"]
[SourceVersionDate "2022.07.31"]
[SourceQuality "1"]

1. d4 d5 2. c4 e6 3. Nf3 Nf6 4. g3 Be7 5. Bg2 0-0 6. 0-0 c6 7. b3 Nbd7 8. Nc3 b6 9. e3 Ba6 10. Qe2 Rc8 11. Bb2 c5 12. Rfd1 Qc7 13. e4 cxd4 14. Nxd4 dxc4 15. Ndb5 Qb8 16. f4 e5 17. bxc4 Bc5+ 18. Kh1 exf4 19. Nd5 Rfe8 20. gxf4 Bb7 21. e5 Nxd5 22. cxd5 Nf8 23. Qg4 Ng6 24. Bd4 h5 25. Qg3 h4 26. Qg4 Bxd4 27. Rxd4 Rc2 28. Be4 Rc5 29. Nd6 Rd8 30. Nxf7 Rdxd5 31. Qxg6 Rxd4 32. Nh6+ Kf8 33. Qf7# 1-0

[Event "DSOL 04 Liga Gr-A 1st"]
[Site "Playchess.com INT"]
[Date "2020.08.05"]
[Round "7.2"]
[White "Prieb, Robert"]
[Black "Aden, Tammo"]
[Result "1-0"]
[WhiteElo "1893"]
[BlackElo "1931"]
[PlyCount "135"]
[EventDate "2020.06.22"]
[EventType "team-tourn (rapid)"]
[EventCountry "GER"]
[SourceTitle "EXT 2021"]
[Source "ChessBase"]
[SourceDate "2020.10.23"]
[SourceVersion "1"]
[SourceVersionDate "2020.10.23"]
[SourceQuality "1"]
[WhiteTeam "Paderborn Blauer Springer II"]
[BlackTeam "Heisfelde"]
[WhiteTeamCountry "GER"]
[BlackTeamCountry "GER"]

1. d4 d5 2. c4 e6 3. Nc3 Nf6 4. Nf3 Be7 5. Bf4 0-0 6. e3 c6 7. Bd3 dxc4 8. Bxc4 Nbd7 9. h3 Nd5 10. Bg3 N7f6 11. 0-0 Nxc3 12. bxc3 Ne4 13. Qc2 Nxg3 14. fxg3 Qc7 15. g4 b6 16. Ne5 Bd6 17. Nf3 c5 18. Ng5 g6 19. Qe2 cxd4 20. cxd4 Be7 21. Rxf7 Rxf7 22. Nxf7 Kxf7 23. Qf3+ Kg8 24. Qxa8 Qxc4 25. Qxa7 Bg5 26. Re1 Qc6 27. e4 Qc3 28. Rf1 Qxd4+ 29. Kh1 Qd7 30. Qxb6 Bb7 31. Qc5 Be7 32. Qa7 Bc8 33. Qa8 Qb7 34. Qxb7 Bxb7 35. a4 Ba6 36. Rb1 Kf7 37. Rb6 Bc4 38. Rb7 Ke8 39. a5 Bd3 40. e5 Bc4 41. Ra7 Bd5 42. g5 Kd8 43. h4 Be4 44. Kh2 Bd5 45. Kh3 Be4 46. g3 Ke8 47. Rc7 Kd8 48. Rc4 Bb7 49. Kg4 Ba6 50. Rc6 Bb7 51. Rc2 Bc8 52. Ra2 Ba6 53. Rb2 Kc7 54. Rf2 Kc6 55. Rf7 Bb4 56. Rxh7 Be2+ 57. Kf4 Bxa5 58. Ke3 Bg4 59. h5 gxh5 60. g6 Bf5 61. Rh6 Bxg6 62. Rxg6 Kd5 63. Rg5 Be1 64. Kf3 h4 65. g4 Bg3 66. Rh5 Be1 67. g5 Kxe5 68. Kg4 1-0

[Event "Niedersachsen-ch op-A"]
[Site "Verden an der Aller"]
[Date "2020.01.05"]
[Round "7"]
[White "Behn, Cord"]
[Black "Aden, Tammo"]
[Result "1/2-1/2"]
[WhiteElo "1827"]
[BlackElo "1858"]
[PlyCount "114"]
[EventDate "2020.01.02"]
[EventType "swiss"]
[EventRounds "7"]
[EventCountry "GER"]
[SourceTitle "EXT 2023"]
[Source "ChessBase"]
[SourceDate "2022.10.05"]
[SourceVersion "1"]
[SourceVersionDate "2022.10.05"]
[SourceQuality "1"]

1. c4 e6 2. g3 Nf6 3. Bg2 d5 4. Nf3 Be7 5. 0-0 0-0 6. b3 c5 7. cxd5 Nxd5 8. Bb2 Nc6 9. Na3 Bf6 10. Bxf6 Qxf6 11. Rc1 b6 12. Nb5 Ba6 13. Nc3 Rad8 14. Nxd5 exd5 15. d3 Rfe8 16. Re1 Re7 17. a3 Rde8 18. b4 Nd4 19. Nxd4 Qxd4 20. e3 Qxd3 21. Qxd3 Bxd3 22. bxc5 bxc5 23. Bxd5 Rc7 24. Red1 Bb5 25. Rc3 c4 26. e4 Kf8 27. f3 Rb8 28. Rb1 Rb6 29. a4 Ba6 30. Rxb6 axb6 31. Kf2 Rc5 32. Ke3 Ra5 33. Bxc4 Rxa4 34. Bxa6 Rxa6 35. Rb3 Ke7 36. Kd4 Kd6 37. f4 Ra4+ 38. Ke3 Kc5 39. Rc3+ Rc4 40. Rd3 Kc6 41. Ra3 Kb7 42. Kd3 b5 43. e5 Kb6 44. Ra8 g6 45. Rb8+ Ka6 46. Rh8 h5 47. Rh7 Rc7 48. e6 Rc6 49. exf7 Rf6 50. Rg7 Ka5 51. Rxg6 Rxf7 52. Kc3 h4 53. Rg8 Re7 54. Ra8+ Kb6 55. Rb8+ Ka6 56. Rg8 Ka5 57. Ra8+ Kb6 1/2-1/2

[Event "Niedersachsen-ch op-A"]
[Site "Verden an der Aller"]
[Date "2020.01.03"]
[Round "4"]
[White "Hupe, Henning"]
[Black "Aden, Tammo"]
[Result "0-1"]
[WhiteElo "1992"]
[BlackElo "1858"]
[PlyCount "116"]
[EventDate "2020.01.02"]
[EventType "swiss"]
[EventRounds "7"]
[EventCountry "GER"]
[SourceTitle "EXT 2023"]
[Source "ChessBase"]
[SourceDate "2022.10.05"]
[SourceVersion "1"]
[SourceVersionDate "2022.10.05"]
[SourceQuality "1"]

1. d4 d5 2. Nf3 Nf6 3. Bf4 e6 4. e3 c5 5. c3 Nc6 6. Nbd2 Be7 7. Bd3 0-0 8. h3 Qb6 9. Rb1 Bd7 10. 0-0 Rac8 11. Qe2 Nh5 12. Bh2 f5 13. Ne5 Be8 14. g4 fxg4 15. hxg4 Nf6 16. g5 Bh5 17. f3 Nxe5 18. Bxe5 Nd7 19. Qh2 Nxe5 20. Bxh7+ Kxh7 21. Qxh5+ Kg8 22. g6 Nxg6 23. Qxg6 Rf5 24. f4 Rcf8 25. Nf3 R5f6 26. Qh5 Rh6 27. Qg4 Rff6 28. Ne5 Qd8 29. Rf2 Bd6 30. Nf3 Rhg6 31. Ng5 Rf5 32. Kf1 Be7 33. Nxe6 Rxg4 34. Nxd8 Bxd8 35. dxc5 g5 36. fxg5 Rxf2+ 37. Kxf2 Bxg5 38. Rd1 Re4 39. Rxd5 Bxe3+ 40. Kf3 Re7 41. b4 Kf7 42. Rd6 Ke8 43. Rd1 Bh6 44. Rd3 Bg7 45. a4 Rd7 46. Ke4 Rxd3 47. Kxd3 Kd7 48. Kc4 Kc7 49. b5 a6 50. Kd3 a5 51. c4 Kd7 52. Ke4 Ke6 53. Kd3 Bf8 54. Kd4 Be7 55. c6 bxc6 56. bxc6 Kd6 57. c7 Kxc7 58. Kd5 Bb4 0-1

[Event "Niedersachsen-ch op B"]
[Site "Verden"]
[Date "2018.01.05"]
[Round "3"]
[White "Sauer, Joris"]
[Black "Aden, Tammo"]
[Result "0-1"]
[WhiteElo "1676"]
[BlackElo "1555"]
[PlyCount "54"]
[EventDate "2018.01.04"]
[EventType "swiss"]
[EventRounds "7"]
[EventCountry "GER"]
[SourceTitle "EXT 2022"]
[Source "ChessBase"]
[SourceDate "2021.10.06"]
[SourceVersion "1"]
[SourceVersionDate "2021.10.06"]
[SourceQuality "1"]

1. e4 c6 2. d4 d5 3. e5 Bf5 4. Bd3 Bxd3 5. Qxd3 e6 6. Nf3 Nd7 7. Be3 c5 8. c3 Qb6 9. Qe2 Ne7 10. dxc5 Qc7 11. Na3 a6 12. b4 Nxe5 13. 0-0 N7g6 14. Bd4 Nxf3+ 15. Qxf3 Qf4 16. Qe2 Be7 17. g3 Qf5 18. Bxg7 Rg8 19. Bh6 Qh3 20. Be3 Nh4 21. f3 Nf5 22. Bf4 Bg5 23. Be5 Be3+ 24. Kh1 Rxg3 25. Nc2 Rg6 26. Nxe3 Nxe3 27. Qxe3 Qg2# 0-1

[Event "Niedersachsen-ch op-D"]
[Site "Verden"]
[Date "2017.01.07"]
[Round "6"]
[White "Fehsenfeld, Kurt"]
[Black "Aden, Tammo"]
[Result "1-0"]
[WhiteElo "1450"]
[BlackElo "1146"]
[PlyCount "155"]
[EventDate "2017.01.05"]
[EventType "swiss"]
[EventRounds "7"]
[EventCountry "GER"]
[SourceTitle "CBM 187 Extra"]
[Source "ChessBase"]
[SourceDate "2018.11.04"]
[SourceVersion "1"]
[SourceVersionDate "2018.11.04"]
[SourceQuality "1"]

1. d4 d5 2. c4 e6 3. Nc3 Nf6 4. e3 g6 5. Nf3 Bg7 6. c5 b6 7. b4 a5 8. Ba3 axb4 9. Bxb4 bxc5 10. Bxc5 Nbd7 11. Bb5 Ba6 12. Bxa6 Nxc5 13. Bb5+ Ncd7 14. Qc2 Qc8 15. Rc1 c6 16. Ba4 Qa6 17. Bb3 c5 18. dxc5 Nxc5 19. Rd1 Nxb3 20. axb3 Qa5 21. 0-0 Rc8 22. Rd3 Ne4 23. b4 Qc7 24. Qa4+ Qc6 25. Nd4 Qxa4 26. Nxa4 Rc4 27. Rb1 0-0 28. f3 Nd6 29. h3 Rb8 30. Rdb3 Bxd4 31. exd4 Rxd4 32. Nc5 Nb5 33. Ra1 Nc7 34. Ra7 Nb5 35. Ra5 Rc4 36. Nd7 Nd4 37. Nxb8 Nxb3 38. Ra8 Kg7 39. Na6 d4 40. b5 Ra4 41. Nc7 Rxa8 42. Nxa8 Na5 43. Kf1 Kf6 44. Ke2 Ke5 45. g3 Kd5 46. Kd3 e5 47. Nc7+ Kd6 48. Ne8+ Ke7 49. Nc7 f5 50. b6 Kd6 51. Ne8+ Kc6 52. Nf6 h5 53. g4 Nb3 54. gxh5 gxh5 55. Nxh5 Nc5+ 56. Ke2 e4 57. fxe4 fxe4 58. Ng7 Kxb6 59. h4 Kb5 60. h5 Kc4 61. h6 d3+ 62. Kd1 e3 63. h7 d2 64. h8Q Nd3 65. Qc8+ Kd4 66. Qd7+ Kc4 67. Qc6+ Kd4 68. Nf5+ Ke5 69. Nxe3 Nf2+ 70. Ke2 Ne4 71. Nc4+ Kd4 72. Nxd2 Nc3+ 73. Ke1 Kd3 74. Qg6+ Kd4 75. Nf3+ Ke3 76. Qg3 Ne4 77. Qh3 Nf2 78. Qh6+ 1-0

[Event "Niedersachsen-ch op-C"]
[Site "Verden"]
[Date "2016.01.03"]
[Round "2"]
[White "Aden, Tammo"]
[Black "Bothe, Maya"]
[Result "1-0"]
[WhiteElo "1051"]
[BlackElo "748"]
[PlyCount "87"]
[EventDate "2016.01.03"]
[EventType "swiss"]
[EventRounds "7"]
[EventCountry "GER"]
[SourceTitle "EXT 2018"]
[Source "ChessBase"]
[SourceDate "2017.10.13"]
[SourceVersion "1"]
[SourceVersionDate "2017.10.13"]
[SourceQuality "1"]

1. d4 e5 2. dxe5 Qe7 3. Bf4 Nc6 4. Nf3 Qb4+ 5. Bd2 Qxb2 6. Nc3 Bb4 7. Rb1 Qa3 8. Rb3 Qa5 9. a3 Bxc3 10. Bxc3 Qc5 11. g3 d6 12. exd6 cxd6 13. Bxg7 Be6 14. Rb1 Ba2 15. Rxb7 Na5 16. Bd4 Qxa3 17. Rb5 a6 18. Rg5 Qb4+ 19. c3 Qb2 20. Bxh8 Bb3 21. Rxg8+ Kd7 22. Bh3+ Kc6 23. Nd4+ Kb7 24. Nxb3 Nxb3 25. Qd5+ Kb6 26. Qxd6+ Kb5 27. 0-0 Qxc3 28. Bxc3 Rxg8 29. Qb4+ Kc6 30. Qxb3 Rg6 31. Bf5 Rd6 32. Bxh7 Kc5 33. Qxf7 Kb5 34. Qf4 Rc6 35. Rd1 Rxc3 36. Rd5+ Kb6 37. Qf6+ Kb7 38. Qxc3 Kb6 39. Qf6+ Kc7 40. Rg5 Kd7 41. Rg7+ Ke8 42. Qxa6 Kf8 43. Rb7 Ke8 44. Qa8# 1-0